00541nam a2200193Ia 4500008004100000020001800041050001400059100001800073245002300091245002100114260001500135260001600150260000900166300001400175300002600189300001000215999001900225952010300244180207s9999 xx 000 0 und d a9780545808361 bR429 2013 aRescek, Sanja 2aA bedtime prayer / cby Sanja Rescek. aNew York : bScholastic, c2013 aunpaged : bcolor illustrations ; c20cm. c355838d355838 001040aSSISMbSSISMd2018-02-07l0oER R429 2013pSSISM5383r2018-02-07 00:00:00w2018-02-07yBK